[Event "CXV R - 016 email"]
[Site "Brazil CXV"]
[Date "2000.08.24"]
[Round "?"]
[White "Socrates de Sousa, Denilson"]
[Black "Da Silva, Raimundo Francisco"]
[Result "0-1"]
[WhiteElo "1617"]
[BlackElo "1972"]
[PlyCount "48"]
[EventDate "2000.??.??"]
[EventType "tourn (corr)"]
[EventRounds "6"]
[EventCountry "BRA"]
[SourceTitle "Corr 2004"]
[Source "ChessBase"]
[SourceDate "2003.04.28"]
[SourceVersion "3"]
[SourceVersionDate "2003.04.28"]
[SourceQuality "1"]

1. e4 e5 2. Nf3 Nf6 3. Nxe5 d6 4. Nc4 Nxe4 5. d3 Nf6 6. Nbd2 d5 7. Ne5 Bd6 8. d4 0-0 9. Ndf3 c5 10. c3 cxd4 11. cxd4 Bb4+ 12. Bd2 Bxd2+ 13. Qxd2 Ne4 14. Bd3 Nxd2 15. Nxd2 Qg5 16. g3 f6 17. Nef3 Re8+ 18. Kf1 Bh3+ 19. Kg1 Qg4 20. Bf1 Nc6 21. Bxh3 Qxh3 22. Nf1 Re2 23. Ne3 Re8 24. Nxd5 Nxd4 0-1

[Event "CXV R - 011 email"]
[Site "Brazil CXV"]
[Date "2000.06.19"]
[Round "?"]
[White "Da Silva, Raimundo Francisco"]
[Black "Neto Malvaso, Jose"]
[Result "1-0"]
[WhiteElo "1975"]
[BlackElo "1516"]
[PlyCount "37"]
[EventDate "2000.??.??"]
[EventType "tourn (corr)"]
[EventRounds "6"]
[EventCountry "BRA"]
[SourceTitle "Corr 2004"]
[Source "ChessBase"]
[SourceDate "2003.04.28"]
[SourceVersion "3"]
[SourceVersionDate "2003.04.28"]
[SourceQuality "1"]

1. d4 d5 2. Bf4 Nf6 3. e3 Bf5 4. Bd3 Qd7 5. Nc3 Nc6 6. Nf3 h6 7. Nb5 Rc8 8. Nxc7+ Rxc7 9. Bxf5 Qxf5 10. Bxc7 Nb4 11. 0-0 Nxc2 12. Rc1 Nb4 13. Qa4+ Nc6 14. Rxc6 Nd7 15. e4 dxe4 16. Rc5 Qe6 17. Ne5 f6 18. d5 Qf5 19. g4 1-0